000
00288nam a22001337a 4500
999
_c
529224
_d
529224
003
NUST
038
_a
MSOHAIL
082
_a
0
100
_a
Altaf Gohar
_9
9643
245
_a
Translation from the Quran
260
_a
Lahore
_b
Sang-e-Mill
_c
2009
300
_a
178,p;
_c
22cm
942
_2
ddc
_c
BK